Nombres en japonais - Statistiques

Statistiques générales
  • Ce quiz a été pris 910 fois
  • Le résultat moyen est 12 sur 20
Statistiques - réponses
Japonais Nombre % Correct
三十三 33
87%
1
83%
10
79%
三十 30
79%
2
78%
二十八 28
77%
3
76%
六十六 66
76%
二十 20
75%
二十七 27
74%
五千 5000
74%
三千 3000
73%
四十六 46
73%
九十一 91
73%
十三 13
72%
8
72%
八十二 82
72%
6
71%
七十七 77
71%
八十四 84
71%
十八 18
70%
二十四 24
70%
三十八 38
70%
五十五 55
70%
十二 12
69%
十五 15
69%
四十三 43
69%
五十一 51
69%
五十八 58
69%
六百 600
69%
九百 900
69%
十一 11
68%
二十一 21
68%
四十七 47
68%
五十三 53
68%
六十九 69
68%
八十九 89
68%
九十九 99
68%
十七 17
67%
二百 200
67%
二十二 22
67%
四十 40
67%
六十三 63
67%
八百 800
67%
六十 60
66%
六十四 64
66%
十六 16
65%
三十九 39
65%
四十一 41
65%
4
64%
四十九 49
64%
五十九 59
64%
七十 70
64%
八十一 81
64%
9
64%
九十三 93
64%
1000
63%
二千 2000
63%
二十三 23
63%
二十六 26
63%
六十二 62
63%
七十六 76
63%
七十八 78
63%
八十八 88
63%
十九 19
62%
三十四 34
62%
四千 4000
62%
八十七 87
62%
二十五 25
61%
三十二 32
61%
五十 50
61%
五十七 57
61%
七十一 71
61%
七十二 72
61%
七十五 75
61%
九十五 95
61%
三十六 36
60%
三十七 37
60%
四十五 45
60%
八十 80
60%
九千 9000
60%
九十二 92
60%
100
59%
三百 300
59%
四十二 42
59%
五十六 56
59%
七百 700
59%
七千 7000
59%
八十六 86
59%
六十一 61
58%
六十五 65
58%
三十五 35
57%
五十二 52
57%
7
57%
三十一 31
56%
九十八 98
56%
四百 400
55%
九十 90
55%
5
54%
五十四 54
54%
八十五 85
54%
四十八 48
53%
六十七 67
53%
七十三 73
53%
八千 8000
52%
八十三 83
51%
九十四 94
51%
四十四 44
50%
五百 500
50%
六十八 68
50%
七十四 74
50%
七十九 79
50%
二十九 29
49%
九十六 96
48%
九十七 97
43%
十四 14
42%
六千 6000
42%
10000
38%
Aucun quiz correspondant
Distribution des résultats
% des personnes avec chaque résultat
Percentile par nombre de réponses
Votre historique - résultats
Vous n’avez pas pris ce quiz